Amatérské radio 1952-1995
Enregistré dans:
| Format: | Logiciel eBook |
|---|---|
| Langue: | tchèque |
| Publié: |
Praha
Amaro
2007
|
| Sujets: | |
| Accès en ligne: | Voir à l'OPAC |
| Tags: |
Pas de tags, Soyez le premier à ajouter un tag!
|
MARC
| LEADER | 00000nam a2200000 a 4500 | ||
|---|---|---|---|
| 005 | 20260127134407.0 | ||
| 007 | co gu au ua | ||
| 008 | 081028s1999 xr s 000 0 cze | ||
| 035 | |a vtls009353710 | ||
| 039 | 9 | |y 200810280747 |z mschk03 | |
| 040 | |a STUSCHK1 |b slo |c STUSCHK1 |e AACR2 | ||
| 041 | 0 | |a cze | |
| 044 | |a xr |c CZ | ||
| 080 | |a 621.38(051):004.085.22 | ||
| 245 | 1 | 3 | |a Amatérské radio 1952-1995 |
| 260 | |a Praha |b Amaro |c 2007 | ||
| 300 | |a 1 DVD | ||
| 653 | |a elektronika - časopisy - DVD | ||
| 655 | 7 | |a časopisy |2 svkpo | |
| 655 | 7 | |a kompaktné platne |2 svkpo | |
| 910 | |a SCHK95 | ||
| 999 | |c 11653 |d 11653 | ||